LEADER 01217nam a2200277 i 4500 001 000000128110 003 CaOOAMICUS 005 20070621000000.0 008 070621s2001 it u000 u ita u 013 $a100829 020 $a88-87240-26-4 040 $aSeMil$bita 100 1 $aAverincev, Sergej Sergeevic <1937-2004>.$0(OLS)http://semarc/name/44632 240 10$aPoety.$0(OLS)http://semarc/title/189273 245 10$aDieci poeti :$britratti e destini /$cSergej S. Averincev ; Traduzione e postfazione di Sergio Rapetti. 260 $aMilano :$bLa Casa di Matriona,$cCopyr. 2001. 300 $a306 p. ;$c26 cm. 500 $aContiene : Bibliografia di Sergej Averincev ; Bibliografia di riferimento. - Fondo card. C.M. Martini. 700 1 $aRapetti, Sergio,$d<1941- >.$0(OLS)http://semarc/name/34634 850 $aSeMil 852 $aSeMil$W1$xVenegono$y1$m1F VI 63$j82342$B82342$CSeMilBibl$Z2$F124969 $81 941 1 $a4 961 $aOmaggio: Martini Card. Carlo Maria 996 $6020$a88-87240-26-4$9(OLS)http://semarc/number/114667 996 $6245$aDieci poeti :$britratti e destini$9(OLS)http://semarc/title/189272 996 $6260$aMilano :$bLa Casa di Matriona$9(OLS)http://semarc/publisher/30246 LEADER 01768nam a2200313 i 4500 001 000000359383 003 CaOOAMICUS 005 20240814140923.0 008 240814s2024 gw a m u000 u ger u 020 $a978-3-11-134153-8 040 $aSeMil$bita 100 1 $aKoch, Amrei,$d<1987- >.$0(OLS)http://semarc/name/120219 245 10$aAutoritätskonstruktion im Recht der Hebräischen Bibel :$bRechtsbegründung im Bundesbuch aus textgeschichtlicher und exegetischer Perspektive /$cAmrei Koch. 264 1$aBerlin ; Boston :$bDe Gruyter,$c2024. 300 $aXII, 474 p. ;$c24 cm 490 1 $aBeihefte zur Zeitschrift für die alttestamentliche Wissenschaft ;$v557 502 $aTesto rivisto della tesi, Martin-Luther-Universität Halle-Wittenberg, 2023 504 $aBibliographie, p. 443-453 650 4$aLegge - Teologia.$0(OLS)http://semarc/subject/12364 650 4$aBibbia Ebraica - Autorità.$0(OLS)http://semarc/subject/56171 650 4$aBibbia Ebraica - Codice dell'alleanza.$0(OLS)http://semarc/subject/56172 650 4$aBibbia. Antico Testamento. Esodo - Commentari, studi, critica, interpretazioni.$0(OLS)http://semarc/subject/6072 830 0$aBeihefte zur Zeitschrift für die alttestamentliche Wissenschaft ;$v557.$0(OLS)http://semarc/title/294 850 $aSeMil 852 $aSeMil$W1$xVenegono$y1$m2XA Q 557$j250295$B250456$CSeMilBibl$Z2$F250456 $81 996 $6020$a978-3-11-134153-8$9(OLS)http://semarc/number/301036 996 $6245$aAutoritätskonstruktion im Recht der Hebräischen Bibel :$bRechtsbegründung im Bundesbuch aus textgeschichtlicher und exegetischer Perspektive$9(OLS)http://semarc/title/449846 996 $6264$aBerlin ; Boston :$bDe Gruyter$9(OLS)http://semarc/publisher/36449